| 000 | 00884nam a22002537a 4500 | ||
|---|---|---|---|
| 005 | 20170123162336.0 | ||
| 010 | _aB-050513 | ||
| 020 |
_c100.00 _a818723137 |
||
| 035 | _aB-050513 | ||
| 037 | _bCen Lib/Ret | ||
| 040 |
_aDPL _bUR |
||
| 082 |
_a921 _bس ا ه |
||
| 100 |
_aجاگت رام ساہنی _9421 |
||
| 245 |
_aصوبہ سرحد میں جنگ آزادی / _cجاگت رام ساہنی |
||
| 246 |
_aSooba sarhad men jang-e-azadi / _bby Jagat Ram Sahni |
||
| 260 |
_bتخلکار پبلشرس _aدہلی _c2001 |
||
| 270 |
_bدہلی _a104/B- یاور منزل آی بلاک لکشمی نگر _e110092 |
||
| 300 |
_a158p. _c21cm(Hb) |
||
| 650 |
_aادب -- اردو _9124267 |
||
| 650 |
_aاردو سوانے عمری _9124268 |
||
| 650 |
_aLiterature -- urdu _9124269 |
||
| 650 |
_aurdu biography _9511 |
||
| 942 |
_2ddc _cUR _h921 _mس ا ه |
||
| 999 |
_c108163 _d108163 |
||